S čiarovým kódom na večné časy
Čiarový kód - zatiaľ najdokonalejšia a preto aj najpoužívanejšia forma označovania a identifikácie tovaru. UPC kód (Universal product code) patentovaný už v roku 1952 v USA. Prvý čiarový kód zoskenovaný v roku 1974 v štáte Ohio a nachádzal sa na balíčku žuvačiek Wrigley. Jednoznačná identifikácia to...
Na minha lista:
| Autor principal: | |
|---|---|
| Formato: | Capítulo de Livro |
| Idioma: | eslovaco |
| Assuntos: | |
| Tags: |
Sem tags, seja o primeiro a adicionar uma tag!
|
MARC
| LEADER | 00000naa a2200000 4500 | ||
|---|---|---|---|
| 001 | 0231298 | ||
| 005 | 20170801092008.3 | ||
| 041 | 0 | |a slo | |
| 044 | |a CZ | ||
| 245 | 1 | 0 | |a S čiarovým kódom na večné časy |c Jozef Oravec |
| 520 | |a Čiarový kód - zatiaľ najdokonalejšia a preto aj najpoužívanejšia forma označovania a identifikácie tovaru. UPC kód (Universal product code) patentovaný už v roku 1952 v USA. Prvý čiarový kód zoskenovaný v roku 1974 v štáte Ohio a nachádzal sa na balíčku žuvačiek Wrigley. Jednoznačná identifikácia tovaru, úspory pri manipulácii. Využívanie RFID. | ||
| 610 | 2 | 0 | |a kódy čiarové |
| 610 | 2 | 0 | |a identifikácia vysokofrekvenčná |
| 610 | 2 | 0 | |a označovanie tovarov |
| 610 | 2 | 0 | |a logistika |
| 100 | 1 | |a Oravec, Jozef | |